<?xml version="1.0" encoding="UTF-8"?>
<record
    xmlns:xsi="http://www.w3.org/2001/XMLSchema-instance"
    xsi:schemaLocation="http://www.loc.gov/MARC21/slim http://www.loc.gov/standards/marcxml/schema/MARC21slim.xsd"
    xmlns="http://www.loc.gov/MARC21/slim">

  <leader>01443nab a2200217uuc4500</leader>
  <controlfield tag="001">1389867</controlfield>
  <controlfield tag="005">20240202120657.0</controlfield>
  <controlfield tag="008">141029                                  </controlfield>
  <datafield tag="035" ind1=" " ind2=" ">
    <subfield code="a">1389867</subfield>
  </datafield>
  <datafield tag="040" ind1=" " ind2=" ">
    <subfield code="c">comduadb</subfield>
  </datafield>
  <datafield tag="100" ind1="1" ind2="0">
    <subfield code="a">Romero Iruela, Mar&#xED;a Jes&#xFA;s</subfield>
    <subfield code="4">aut</subfield>
    <subfield code="e">aut</subfield>
    <subfield code="9">708440</subfield>
  </datafield>
  <datafield tag="245" ind1="1" ind2="3">
    <subfield code="a">La investigaci&#xF3;n-acci&#xF3;n en did&#xE1;ctica de las ciencias : perspectiva desde las revistas espa&#xF1;olas de educaci&#xF3;n</subfield>
  </datafield>
  <datafield tag="520" ind1="3" ind2=" ">
    <subfield code="a">En este art&#xED;culo se elabora un marco conceptual de la investigaci&#xF3;n-acci&#xF3;n en educaci&#xF3;n y se ofrece el desarrollo que dicha modalidad de investigaci&#xF3;n ha tenido en la Did&#xE1;ctica de las Ciencias, a trav&#xE9;s de la identificaci&#xF3;n de los art&#xED;culos publicados en las revistas de educaci&#xF3;n espa&#xF1;olas y del an&#xE1;lisis de sus contenidos. Se aporta el perfil personal, social y cognitivo de esta l&#xED;nea de investigaci&#xF3;n y la incidencia que ha tenido la investigaci&#xF3;n-acci&#xF3;n espa&#xF1;ola en la Did&#xE1;ctica de las Ciencias, en la pr&#xE1;ctica docente, en la formaci&#xF3;n del profesorado y en su desarrollo profesional</subfield>
  </datafield>
  <datafield tag="650" ind1=" " ind2=" ">
    <subfield code="a">Did&#xE1;ctica de las ciencias</subfield>
    <subfield code="9">37814</subfield>
  </datafield>
  <datafield tag="650" ind1=" " ind2=" ">
    <subfield code="a">Formaci&#xF3;n de docentes</subfield>
    <subfield code="9">175860</subfield>
  </datafield>
  <datafield tag="650" ind1=" " ind2=" ">
    <subfield code="a">Investigaciones</subfield>
    <subfield code="9">2205</subfield>
  </datafield>
  <datafield tag="650" ind1=" " ind2=" ">
    <subfield code="a">Pr&#xE1;ctica docente</subfield>
    <subfield code="9">72293</subfield>
  </datafield>
  <datafield tag="650" ind1=" " ind2=" ">
    <subfield code="a">Desarrollo profesional</subfield>
    <subfield code="9">138657</subfield>
  </datafield>
  <datafield tag="773" ind1="0" ind2=" ">
    <subfield code="t">Ense&#xF1;anza de las Ciencias : Revista de Investigaci&#xF3;n y Experiencias Did&#xE1;cticas</subfield>
    <subfield code="g">Vol. 32, no. 01, Marzo 2014, p. 221-239</subfield>
    <subfield code="w">1034161</subfield>
    <subfield code="x">0212-4521</subfield>
    <subfield code="0">420437</subfield>
  </datafield>
  <datafield tag="942" ind1=" " ind2=" ">
    <subfield code="c">ARIMP</subfield>
  </datafield>
  <datafield tag="999" ind1=" " ind2=" ">
    <subfield code="c">702809</subfield>
    <subfield code="d">702809</subfield>
  </datafield>
</record>
